Quiz Pokémon en images - 6ème Génération - Statistiques

Statistiques générales
  • Ce quiz a été pris 228 fois
  • Le résultat moyen est 51 sur 72
Statistiques - réponses
Par images Réponse % Correct
Grenousse
99%
Amphinobi
97%
Feunnec
91%
Marisson
89%
Flabébé
88%
Dedenne
87%
Hélionceau
87%
Xerneas
87%
Croâporal
85%
Nymphali
85%
Pandespiègle
85%
Passerouge
85%
Yveltal
85%
Zygarde
84%
Brutalibré
81%
Couafarel
81%
Trousselin
80%
Flambusard
79%
Hoopa
79%
Sucroquin
79%
Mucuscule
78%
Sapereau
78%
Floette
77%
Némélios
77%
Cabriolaine
76%
Florges
76%
Pandarbare
76%
Sepiatroce
76%
Blindépique
75%
Sepiatop
75%
Diancie
74%
Chevroum
73%
Goupelin
73%
Exagide
72%
Lépidonille
72%
Volcanion
72%
Muplodocus
70%
Bruyverne
69%
Braisillon
68%
Fluvetin
68%
Pitrouille
68%
Prismillon
68%
Excavarenne
66%
Iguolta
66%
Monorpale
66%
Sonistrelle
66%
Strassie
66%
Boguérisse
65%
Brocélôme
65%
Galvaran
65%
Grelaçon
65%
Venalgue
65%
Psystigri
64%
Ptyranidur
64%
Cupcanaille
63%
Desséliande
63%
Dimoclès
63%
Roussil
63%
Flingouste
62%
Rexillius
61%
Kravarech
58%
Mistigrix
58%
Séracrawl
58%
Colimucus
55%
Cocotine
53%
Dragmara
52%
Opermine
52%
Golgopathe
50%
Amagara
49%
Gamblast
49%
Banshitrouye
48%
Pérégrain
45%
Aucun quiz correspondant
Distribution des résultats
% des personnes avec chaque résultat
Percentile par nombre de réponses
Votre historique - résultats
Vous n’avez pas pris ce quiz